000 00265 a2200109 4500
001 76786
005 20260522142430.0
090 _a76786
100 _a20260522 pory50
200 _aA Lã e a Neve
_fFerreira de Castro
210 _cCírculo de Leitores
_d1985
942 _cMON